000 00295nam a22001337a 4500
008 170628b xxu||||| |||| 00| 0 eng d
020 _a9780205661411
041 _aeng
080 _a05
100 _a21
101 _aGJL
245 _aTHE BRIEF ENGLISH HANDBOOK
_cDORNAN,E.A
942 _2udc
_cBK
999 _c19399
_d19399